<?xml version="1.0" encoding="UTF-8"?><?xml-stylesheet type="text/xsl" href="static/style.xsl"?><OAI-PMH xmlns="http://www.openarchives.org/OAI/2.0/" xmlns:xsi="http://www.w3.org/2001/XMLSchema-instance" xsi:schemaLocation="http://www.openarchives.org/OAI/2.0/ http://www.openarchives.org/OAI/2.0/OAI-PMH.xsd"><responseDate>2026-04-14T04:50:58Z</responseDate><request verb="GetRecord" identifier="oai:www.recercat.cat:2072/229356" metadataPrefix="marc">https://recercat.cat/oai/request</request><GetRecord><record><header><identifier>oai:recercat.cat:2072/229356</identifier><datestamp>2024-12-13T10:55:57Z</datestamp><setSpec>com_2072_96859</setSpec><setSpec>com_2072_96858</setSpec><setSpec>com_2072_96852</setSpec><setSpec>com_2072_2015</setSpec><setSpec>col_2072_228888</setSpec></header><metadata><record xmlns="http://www.loc.gov/MARC21/slim" xmlns:dcterms="http://purl.org/dc/terms/" xmlns:xsi="http://www.w3.org/2001/XMLSchema-instance" xmlns:doc="http://www.lyncode.com/xoai" xsi:schemaLocation="http://www.loc.gov/MARC21/slim http://www.loc.gov/standards/marcxml/schema/MARC21slim.xsd">
   <leader>00925njm 22002777a 4500</leader>
   <datafield ind2=" " ind1=" " tag="042">
      <subfield code="a">dc</subfield>
   </datafield>
   <datafield ind2=" " ind1=" " tag="720">
      <subfield code="a">Xalabarder Plantada, Raquel</subfield>
      <subfield code="e">author</subfield>
   </datafield>
   <datafield ind2=" " ind1=" " tag="520">
      <subfield code="a">Education never fails to be mentioned ¿ and, often, mentioned first ¿ as a public interest that justifies an exception to copyright. Educational purposes were already present in the first version of the Berne Convention of 18862 and have remained there (although in revised language) ever since. The WIPO Copyright Treaty of 19963 expressly referred to education in its Preamble, when ¿Recognizing the need to maintain a balance between the rights of authors and
the larger public interest, particularly education, research and access to information, as reflected in the Berne Convention¿ (emphasis added). And more
recently, the EU Directive on Copyright in the Information Society4 stressed its goal ¿to promote learning and culture by protecting works and other subjectmatter while permitting exceptions or limitations in the public interest for the purpose of education and teaching¿ (Recital 14, emphasis added).</subfield>
   </datafield>
   <datafield ind1="8" ind2=" " tag="024">
      <subfield code="a">Xalabader, R. (2007). "On-line teaching and Copyright: Any Hopes for an EU Harmonized Playground?". In: Torremans, P (Coord). Copyright Law: A Handbook of Contemporary Research. London: Edward Elgar Publishing, Pàg. 373-401. ISBN 1-84542-487-5.</subfield>
   </datafield>
   <datafield ind1="8" ind2=" " tag="024">
      <subfield code="a">1-84542-487-5</subfield>
   </datafield>
   <datafield ind1="8" ind2=" " tag="024">
      <subfield code="a">978-1-84542-487-9</subfield>
   </datafield>
   <datafield ind1="8" ind2=" " tag="024">
      <subfield code="a">http://hdl.handle.net/10609/1374</subfield>
   </datafield>
   <datafield tag="653" ind2=" " ind1=" ">
      <subfield code="a">Distance education</subfield>
   </datafield>
   <datafield tag="653" ind2=" " ind1=" ">
      <subfield code="a">Internet in education</subfield>
   </datafield>
   <datafield tag="653" ind2=" " ind1=" ">
      <subfield code="a">Copyright - Europe</subfield>
   </datafield>
   <datafield tag="653" ind2=" " ind1=" ">
      <subfield code="a">Ensenyament a distància</subfield>
   </datafield>
   <datafield tag="653" ind2=" " ind1=" ">
      <subfield code="a">Internet en l'ensenyament</subfield>
   </datafield>
   <datafield tag="653" ind2=" " ind1=" ">
      <subfield code="a">Drets d'autor -- Europa</subfield>
   </datafield>
   <datafield tag="653" ind2=" " ind1=" ">
      <subfield code="a">Enseñanza a distancia</subfield>
   </datafield>
   <datafield tag="653" ind2=" " ind1=" ">
      <subfield code="a">Internet en la enseñanza</subfield>
   </datafield>
   <datafield tag="653" ind2=" " ind1=" ">
      <subfield code="a">Propiedad intelectual -- Europa</subfield>
   </datafield>
   <datafield ind2="0" ind1="0" tag="245">
      <subfield code="a">On-line teaching and Copyright : Any Hopes for an EU Harmonized Playground?</subfield>
   </datafield>
</record></metadata></record></GetRecord></OAI-PMH>